[Event "RF-2014-0-00178"]
[Site "LSS email"]
[Date "2014.02.11"]
[Round "?"]
[White "Bergweiler, Rolf"]
[Black "Bester, Kazimierz"]
[Result "0-1"]
[WhiteElo "1318"]
[BlackElo "736"]
[PlyCount "26"]
[EventDate "2014.01.09"]
[EventType "tourn (corr)"]
[EventRounds "6"]
[EventCountry "GER"]
[SourceTitle "Corr 2022"]
[Source "ChessBase"]
[SourceDate "2021.10.24"]
[SourceVersion "1"]
[SourceVersionDate "2021.10.24"]
[SourceQuality "1"]

1. e4 d5 2. exd5 Qxd5 3. Nc3 Qa5 4. d4 Nf6 5. Nf3 Nc6 6. Bd2 Bg4 7. Be2 0-0-0 8. 0-0 Bxf3 9. Bxf3 Nxd4 10. Bg4+ e6 11. Ne4 Qb6 12. Nxf6 gxf6 13. c3 Nc6 0-1

[Event "RF-2014-0-00178"]
[Site "LSS email"]
[Date "2014.02.11"]
[Round "?"]
[White "Bergweiler, Rolf"]
[Black "Raines, David T"]
[Result "0-1"]
[WhiteElo "1318"]
[BlackElo "1057"]
[PlyCount "20"]
[EventDate "2014.01.09"]
[EventType "tourn (corr)"]
[EventRounds "6"]
[EventCountry "GER"]
[SourceTitle "Corr 2022"]
[Source "ChessBase"]
[SourceDate "2021.10.24"]
[SourceVersion "1"]
[SourceVersionDate "2021.10.24"]
[SourceQuality "1"]

1. e4 c6 2. d4 d5 3. Nc3 dxe4 4. Nxe4 Bf5 5. Ng3 Bg6 6. Nf3 Nd7 7. Bc4 Ngf6 8. 0-0 e6 9. c3 Bd6 10. Re1 0-0 0-1

[Event "RF-2014-0-00178"]
[Site "LSS email"]
[Date "2014.02.11"]
[Round "?"]
[White "Bieszk, Stanislaw"]
[Black "Bergweiler, Rolf"]
[Result "1-0"]
[WhiteElo "983"]
[BlackElo "904"]
[PlyCount "35"]
[EventDate "2014.01.09"]
[EventType "tourn (corr)"]
[EventRounds "6"]
[EventCountry "GER"]
[SourceTitle "Telechess CBM 167"]
[Source "ChessBase"]
[SourceDate "2015.07.13"]
[SourceVersion "1"]
[SourceVersionDate "2015.07.13"]
[SourceQuality "1"]

1. c4 Nf6 2. Nc3 g6 3. d4 Bg7 4. e4 d6 5. f3 0-0 6. Be3 Nbd7 7. Qd2 c5 8. d5 Re8 9. Bd3 Ne5 10. Be2 a6 11. g4 h5 12. g5 Nfd7 13. h3 Nb6 14. b3 a5 15. a4 f5 16. gxf6 Bxf6 17. f4 Nf7 18. Nf3 1-0

[Event "LSS No Engine Cup 101 Preliminary 4"]
[Site "LSS email"]
[Date "2013.12.30"]
[Round "?"]
[White "Kratky, Josef"]
[Black "Bergweiler, Rolf"]
[Result "1-0"]
[WhiteElo "1160"]
[BlackElo "905"]
[PlyCount "47"]
[EventDate "2013.12.31"]
[EventType "tourn (corr)"]
[EventRounds "6"]
[EventCountry "GER"]
[SourceTitle "Telechess CBM 167"]
[Source "ChessBase"]
[SourceDate "2015.07.13"]
[SourceVersion "1"]
[SourceVersionDate "2015.07.13"]
[SourceQuality "1"]

1. e4 c5 2. Nf3 d6 3. d4 cxd4 4. Nxd4 Nf6 5. Nc3 g6 6. Bc4 Bg7 7. 0-0 Bd7 8. Be3 0-0 9. h3 Nc6 10. Nb3 Rc8 11. Be2 a6 12. f4 b5 13. Bf3 h5 14. f5 Ne5 15. fxg6 Nxf3+ 16. Qxf3 fxg6 17. Qe2 Rxc3 18. bxc3 Nxe4 19. Rxf8+ Bxf8 20. c4 Qc7 21. Qd3 Bc6 22. cxb5 axb5 23. Nd4 Qd7 24. Rf1 1-0

[Event "LSS No Engine Cup 101 Preliminary 4"]
[Site "LSS email"]
[Date "2013.12.30"]
[Round "?"]
[White "Nicolaescu, Nicolae"]
[Black "Bergweiler, Rolf"]
[Result "1-0"]
[WhiteElo "1853"]
[BlackElo "1600"]
[PlyCount "23"]
[EventDate "2013.12.31"]
[EventType "tourn (corr)"]
[EventRounds "6"]
[EventCountry "GER"]
[SourceTitle "Corr 2022"]
[Source "ChessBase"]
[SourceDate "2021.10.24"]
[SourceVersion "1"]
[SourceVersionDate "2021.10.24"]
[SourceQuality "1"]

1. e4 e5 2. Nf3 Nc6 3. d4 exd4 4. Nxd4 Nxd4 5. Qxd4 d6 6. Bc4 Nf6 7. Nc3 Be7 8. 0-0 0-0 9. h3 Be6 10. Be3 c5 11. Qd3 a6 12. Rad1 1-0

[Event "OP-2013-0-03069"]
[Site "LSS email"]
[Date "2013.10.21"]
[Round "?"]
[White "Bergweiler, Rolf"]
[Black "Lenz, Juergen"]
[Result "1-0"]
[WhiteElo "904"]
[BlackElo "1087"]
[PlyCount "105"]
[EventDate "2013.10.18"]
[EventType "tourn (corr)"]
[EventRounds "4"]
[EventCountry "GER"]
[SourceTitle "Telechess CBM 167"]
[Source "ChessBase"]
[SourceDate "2015.07.13"]
[SourceVersion "1"]
[SourceVersionDate "2015.07.13"]
[SourceQuality "1"]

1. e4 Nf6 2. Nc3 d5 3. exd5 Nxd5 4. Nxd5 Qxd5 5. Nf3 c5 6. Be2 Nc6 7. 0-0 Bf5 8. b3 e5 9. Re1 f6 10. Bc4 Qd7 11. Nh4 Be6 12. Qh5+ Qf7 13. Qxf7+ Bxf7 14. Bb5 g5 15. Nf5 Be6 16. Ne3 Kf7 17. Bxc6 bxc6 18. d3 Be7 19. Ba3 a5 20. g3 a4 21. Nc4 axb3 22. axb3 h5 23. Nb6 Rab8 24. Na4 h4 25. Bxc5 hxg3 26. fxg3 Bd5 27. Bxe7 Kxe7 28. Nc3 Bf3 29. Ra7+ Ke6 30. Ne4 g4 31. Rc7 Rhf8 32. Rxc6+ Kf5 33. Rc7 Kg6 34. Nd2 Bd5 35. Ra1 Rfc8 36. Raa7 Rxc7 37. Rxc7 Ra8 38. c4 Ra1+ 39. Kf2 Ba8 40. b4 Ra2 41. Ke3 Bg2 42. b5 Rb2 43. Ra7 Kf5 44. Ra6 Kg5 45. Ne4+ Bxe4 46. dxe4 Rxh2 47. b6 Rg2 48. c5 Rxg3+ 49. Kf2 Rb3 50. c6 Kf4 51. c7 Rb2+ 52. Ke1 Rc2 53. Ra8 1-0

[Event "OP-2013-0-03056"]
[Site "LSS email"]
[Date "2013.10.13"]
[Round "?"]
[White "Bergweiler, Rolf"]
[Black "Vontina, Maria"]
[Result "1-0"]
[WhiteElo "904"]
[BlackElo "717"]
[PlyCount "103"]
[EventDate "2013.10.10"]
[EventType "tourn (corr)"]
[EventRounds "4"]
[EventCountry "GER"]
[SourceTitle "Telechess CBM 167"]
[Source "ChessBase"]
[SourceDate "2015.07.13"]
[SourceVersion "1"]
[SourceVersionDate "2015.07.13"]
[SourceQuality "1"]

1. e4 e6 2. d3 d5 3. Nd2 dxe4 4. dxe4 Nf6 5. Ngf3 Be7 6. g3 0-0 7. Bg2 Nc6 8. 0-0 b6 9. e5 Nd5 10. c4 Ndb4 11. a3 Nd3 12. Qc2 Rb8 13. Nb3 Ndxe5 14. Nxe5 Nxe5 15. Bf4 Ng6 16. Bc6 Bb7 17. Rad1 Bd6 18. Bxd6 cxd6 19. Bxb7 Rxb7 20. Nd4 a6 21. Qe4 Qc7 22. b3 Rbb8 23. Rd3 Ne5 24. Rd2 Rfd8 25. f4 Ng6 26. f5 exf5 27. Rxf5 Re8 28. Qc6 Qe7 29. Re2 Qd8 30. Ref2 Rf8 31. Qd5 Qd7 32. Qf3 Ne5 33. Qd1 Rbd8 34. Rh5 Ng6 35. Rd2 Ne5 36. Nf3 Nxf3+ 37. Qxf3 Qc7 38. Rd4 Qe7 39. Rdh4 h6 40. Re4 Qc7 41. Rg4 Kh7 42. Qd3+ Kh8 43. Rgh4 f5 44. Rxf5 Rxf5 45. Qxf5 Qc5+ 46. Qf2 Qxf2+ 47. Kxf2 Kg8 48. Ke3 Kf7 49. Rf4+ Ke6 50. Kd4 b5 51. Re4+ Kf7 52. Kd5 1-0

[Event "OP-2013-0-03056"]
[Site "LSS email"]
[Date "2013.10.13"]
[Round "?"]
[White "Piacentile, Carmine"]
[Black "Bergweiler, Rolf"]
[Result "1-0"]
[WhiteElo "1581"]
[BlackElo "904"]
[PlyCount "67"]
[EventDate "2013.10.10"]
[EventType "tourn (corr)"]
[EventRounds "4"]
[EventCountry "GER"]
[SourceTitle "Telechess CBM 167"]
[Source "ChessBase"]
[SourceDate "2015.07.13"]
[SourceVersion "1"]
[SourceVersionDate "2015.07.13"]
[SourceQuality "1"]

1. d4 Nf6 2. Nc3 g6 3. e4 d6 4. Nf3 Bg7 5. Be2 0-0 6. 0-0 Nc6 7. Be3 e5 8. d5 Ne7 9. Qd3 Ng4 10. Bd2 f5 11. Ng5 h6 12. Ne6 Bxe6 13. dxe6 fxe4 14. Qxe4 Nf6 15. Qxb7 Rb8 16. Qxa7 Rxb2 17. Rab1 Nc8 18. Qa6 Rxc2 19. Rfd1 Qe7 20. Qd3 Rxd2 21. Rxd2 Qxe6 22. Qxg6 Ne7 23. Qc2 Nf5 24. a4 Nd4 25. Qg6 Ra8 26. Rdb2 Qe8 27. Bc4+ Kh8 28. Qxe8+ Rxe8 29. Rb8 Rf8 30. a5 Nd7 31. R8b7 Rc8 32. a6 Nb6 33. a7 Nc6 34. Be6 1-0

[Event "CP-2013-P-00059"]
[Site "LSS email"]
[Date "2013.09.30"]
[Round "?"]
[White "Bergweiler, Rolf"]
[Black "Feng, Jason"]
[Result "1-0"]
[WhiteElo "904"]
[BlackElo "903"]
[PlyCount "97"]
[EventDate "2013.10.01"]
[EventType "tourn (corr)"]
[EventRounds "6"]
[EventCountry "GER"]
[SourceTitle "Telechess CBM 167"]
[Source "ChessBase"]
[SourceDate "2015.07.13"]
[SourceVersion "1"]
[SourceVersionDate "2015.07.13"]
[SourceQuality "1"]

1. e4 e5 2. Nf3 Nc6 3. Bb5 a6 4. Ba4 Nf6 5. 0-0 b5 6. Bb3 Bc5 7. a4 Bb7 8. d3 0-0 9. Nc3 h6 10. axb5 axb5 11. Rxa8 Qxa8 12. Nxb5 Bb6 13. h3 Na5 14. c4 Nxb3 15. Qxb3 Bc6 16. Be3 Bxe3 17. fxe3 Bxb5 18. cxb5 d6 19. Rc1 Rc8 20. Qa3 Qb7 21. Qa6 Qxa6 22. bxa6 Ra8 23. Rxc7 Rxa6 24. Rc8+ Kh7 25. Nh4 Rb6 26. Rc7 Rxb2 27. Rxf7 Rd2 28. Nf5 Rxd3 29. Rxg7+ Kh8 30. Rg6 Nxe4 31. Rxh6+ Kg8 32. h4 d5 33. Re6 Rd1+ 34. Kh2 Nf2 35. Kg3 Ne4+ 36. Kg4 Nf2+ 37. Kg5 Rg1 38. g3 d4 39. Kg6 Kf8 40. exd4 exd4 41. h5 Nh3 42. Rd6 Nf4+ 43. Kg5 Ne2 44. g4 Ra1 45. h6 Ra7 46. Nxd4 Ng3 47. Kg6 Ne4 48. Rb6 Rd7 49. h7 1-0

[Event "RN-2013-0-00703"]
[Site "LSS email"]
[Date "2013.09.26"]
[Round "?"]
[White "Bergweiler, Rolf"]
[Black "Oberlaender, Rolf"]
[Result "1-0"]
[WhiteElo "800"]
[BlackElo "912"]
[PlyCount "25"]
[EventDate "2013.09.19"]
[EventType "tourn (corr)"]
[EventRounds "6"]
[EventCountry "GER"]
[SourceTitle "Corr 2022"]
[Source "ChessBase"]
[SourceDate "2021.10.24"]
[SourceVersion "1"]
[SourceVersionDate "2021.10.24"]
[SourceQuality "1"]

1. e4 e5 2. Nf3 Nf6 3. Nxe5 d6 4. Nxf7 Kxf7 5. d4 Be7 6. Nc3 Re8 7. Bc4+ d5 8. Nxd5 Bd6 9. Nxc7+ Kf8 10. Nxe8 Qxe8 11. e5 Bc7 12. 0-0 Ng4 13. Qf3+ 1-0

[Event "RN-2013-0-00703"]
[Site "LSS email"]
[Date "2013.09.26"]
[Round "?"]
[White "Mori, Roberto"]
[Black "Bergweiler, Rolf"]
[Result "0-1"]
[WhiteElo "640"]
[BlackElo "1025"]
[PlyCount "46"]
[EventDate "2013.09.19"]
[EventType "tourn (corr)"]
[EventRounds "6"]
[EventCountry "GER"]
[SourceTitle "Telechess CBM 167"]
[Source "ChessBase"]
[SourceDate "2015.07.13"]
[SourceVersion "1"]
[SourceVersionDate "2015.07.13"]
[SourceQuality "1"]

1. e4 c5 2. Nf3 d6 3. d4 cxd4 4. Nxd4 Nf6 5. Nc3 g6 6. Be2 Bg7 7. Bg5 0-0 8. h3 Bd7 9. 0-0 Nc6 10. a3 Rc8 11. Ndb5 a6 12. Nd4 Qb6 13. b4 Nxd4 14. Nd5 Nxd5 15. exd5 Nxe2+ 16. Qxe2 Bxa1 17. Rxa1 Qd4 18. Re1 Qxd5 19. Bh4 Bc6 20. f3 Bb5 21. Qf2 e5 22. Bg5 f5 23. Qe2 Bxe2 0-1

[Event "OP-2013-0-02980"]
[Site "LSS email"]
[Date "2013.09.04"]
[Round "?"]
[White "Bergweiler, Rolf"]
[Black "Lenz, Juergen"]
[Result "1-0"]
[WhiteElo "1034"]
[BlackElo "965"]
[PlyCount "47"]
[EventDate "2013.09.01"]
[EventType "tourn (corr)"]
[EventRounds "4"]
[EventCountry "GER"]
[SourceTitle "Telechess CBM 163"]
[Source "ChessBase"]
[SourceDate "2014.11.11"]
[SourceVersion "2"]
[SourceVersionDate "2014.11.11"]
[SourceQuality "1"]

1. d4 Nf6 2. Bg5 c5 3. Bxf6 gxf6 4. d5 e6 5. c4 f5 6. Nc3 Bg7 7. e3 Qa5 8. Qc2 Na6 9. Nge2 Nb4 10. Qb1 d6 11. a3 Na6 12. g3 e5 13. Bh3 e4 14. 0-0 Nc7 15. f3 Bh6 16. fxe4 Bxe3+ 17. Kg2 b5 18. e5 dxe5 19. Bxf5 bxc4 20. Qe4 f6 21. Qxe3 Ke7 22. d6+ Kxd6 23. Bxc8 Raxc8 24. Rxf6+ 1-0

[Event "OP-2013-0-02980"]
[Site "LSS email"]
[Date "2013.09.04"]
[Round "?"]
[White "Garcia, Javier N"]
[Black "Bergweiler, Rolf"]
[Result "0-1"]
[WhiteElo "718"]
[BlackElo "1034"]
[PlyCount "116"]
[EventDate "2013.09.01"]
[EventType "tourn (corr)"]
[EventRounds "4"]
[EventCountry "GER"]
[SourceTitle "Telechess CBM 163"]
[Source "ChessBase"]
[SourceDate "2014.11.11"]
[SourceVersion "2"]
[SourceVersionDate "2014.11.11"]
[SourceQuality "1"]

1. d4 Nf6 2. c4 g6 3. Nc3 Bg7 4. Nf3 0-0 5. e4 d6 6. Bd3 Nc6 7. Be3 e5 8. d5 Ne7 9. Qd2 Ng4 10. Bg5 h6 11. Bh4 g5 12. Bxg5 hxg5 13. Qxg5 Ng6 14. Qxd8 Rxd8 15. h3 Nf4 16. hxg4 Nxd3+ 17. Ke2 Nxb2 18. Rab1 Nxc4 19. g5 a6 20. Nh4 b6 21. Nf5 Bxf5 22. exf5 f6 23. gxf6 Bxf6 24. Rh6 Bg7 25. Rg6 Kf7 26. Ne4 Rg8 27. Rc1 b5 28. a4 Bh8 29. Rxg8 Rxg8 30. axb5 axb5 31. Rb1 Rb8 32. g4 Na3 33. Rh1 Kg8 34. f6 b4 35. g5 b3 36. g6 b2 37. f7+ Kg7 38. Nd2 b1Q 39. Nxb1 Nxb1 40. f8Q+ Rxf8 41. Rxb1 Kxg6 42. Rb7 Rf7 43. Ke3 Bf6 44. Ke4 Bg5 45. Rb8 Rxf2 46. Rg8+ Kh5 47. Rh8+ Kg4 48. Rh7 Rc2 49. Rg7 Rc4+ 50. Kd3 Rd4+ 51. Kc3 Kf5 52. Rxc7 Rxd5 53. Kc4 Rc5+ 54. Rxc5 dxc5 55. Kxc5 e4 56. Kd4 Kf4 57. Kc3 Kf3 58. Kc2 e3 0-1

[Event "OP-2013-0-02980"]
[Site "LSS email"]
[Date "2013.09.04"]
[Round "?"]
[White "Vontina, Maria"]
[Black "Bergweiler, Rolf"]
[Result "1-0"]
[WhiteElo "777"]
[BlackElo "1034"]
[PlyCount "119"]
[EventDate "2013.09.01"]
[EventType "tourn (corr)"]
[EventRounds "4"]
[EventCountry "GER"]
[SourceTitle "Telechess CBM 163"]
[Source "ChessBase"]
[SourceDate "2014.11.11"]
[SourceVersion "2"]
[SourceVersionDate "2014.11.11"]
[SourceQuality "1"]

1. e4 e5 2. Nf3 Nc6 3. Bb5 a6 4. Ba4 Nf6 5. 0-0 Be7 6. Re1 b5 7. Bb3 0-0 8. c3 Bb7 9. Bc2 Rc8 10. d4 exd4 11. cxd4 d6 12. a3 Nb8 13. Nc3 c5 14. dxc5 dxc5 15. Bg5 h6 16. Bxf6 Bxf6 17. Qe2 Bxc3 18. bxc3 Re8 19. Rad1 Qc7 20. Qf1 Nd7 21. Qd3 Ne5 22. Nxe5 Qxe5 23. Qe3 Rc7 24. f3 f5 25. Re2 f4 26. Qd3 Rce7 27. c4 b4 28. axb4 cxb4 29. Qd4 Qxd4+ 30. Rxd4 a5 31. Ba4 Rc8 32. Bb5 Bc6 33. Bxc6 Rxc6 34. Ra2 Ra6 35. Rd5 a4 36. Rb5 b3 37. Ra3 g5 38. Kf1 Kf7 39. Ke2 Rd7 40. Rbxb3 axb3 41. Rxa6 Rb7 42. Ra1 b2 43. Rb1 Ke6 44. Kd2 Ke5 45. Kc3 g4 46. Rxb2 gxf3 47. gxf3 Ra7 48. Rb5+ Ke6 49. Rb2 Ra3+ 50. Rb3 Ra2 51. h4 Rh2 52. Rb6+ Ke5 53. Rxh6 Rh3 54. Rh5+ Ke6 55. Rf5 Rxf3+ 56. Kd4 Rf1 57. h5 Kd6 58. e5+ Ke6 59. Rf6+ Ke7 60. h6 1-0